Goods and services tax act 2017 : (Record no. 222207)
[ view plain ]
| 000 -LEADER | |
|---|---|
| fixed length control field | 00717nam a22002057a 4500 |
| 005 - DATE AND TIME OF LATEST TRANSACTION | |
| control field | 20220406100908.0 |
| 008 - FIXED-LENGTH DATA ELEMENTS--GENERAL INFORMATION | |
| fixed length control field | 220406b ||||| |||| 00| 0 eng d |
| 040 ## - CATALOGING SOURCE | |
| Transcribing agency | AIMIT LIBRARY |
| 082 ## - DEWEY DECIMAL CLASSIFICATION NUMBER | |
| Edition number | 10 |
| Classification number | 336.242 |
| Item number | PULY |
| 100 ## - MAIN ENTRY--PERSONAL NAME | |
| Personal name | Puliani, Yashpal. |
| 9 (RLIN) | 27857 |
| 245 ## - TITLE STATEMENT | |
| Title | Goods and services tax act 2017 : |
| Remainder of title | gst at a glance concept law and procedure / |
| Statement of responsibility, etc. | By Yashpal Puliani and M.G.Kodandaram. |
| 250 ## - EDITION STATEMENT | |
| Edition statement | 10th ed. |
| 260 ## - PUBLICATION, DISTRIBUTION, ETC. | |
| Place of publication, distribution, etc. | Bangalore : |
| Name of publisher, distributor, etc. | Sri Yashpal Puliani , |
| Date of publication, distribution, etc. | 2021. |
| 300 ## - PHYSICAL DESCRIPTION | |
| Extent | 64,904 p. ; |
| Dimensions | 24 cm. |
| 650 ## - SUBJECT ADDED ENTRY--TOPICAL TERM | |
| Topical term or geographic name entry element | Registration formats |
| 9 (RLIN) | 27858 |
| 650 ## - SUBJECT ADDED ENTRY--TOPICAL TERM | |
| Topical term or geographic name entry element | Composition formats |
| 9 (RLIN) | 27859 |
| 650 ## - SUBJECT ADDED ENTRY--TOPICAL TERM | |
| Topical term or geographic name entry element | Input tax credit formats |
| 9 (RLIN) | 27860 |
| 700 ## - ADDED ENTRY--PERSONAL NAME | |
| Personal name | Kodandaram, M G. |
| 9 (RLIN) | 27861 |
| 942 ## - ADDED ENTRY ELEMENTS (KOHA) | |
| Source of classification or shelving scheme | Dewey Decimal Classification |
| Koha item type | Book |
| Edition | 10th |
| Call number prefix | 336.242 PULY |
| Withdrawn status | Lost status | Source of classification or shelving scheme | Damaged status | Not for loan | Collection code | Home library | Current library | Date acquired | Source of acquisition | Cost, normal purchase price | Inventory number | Total Checkouts | Full call number | Barcode | Date last seen | Cost, replacement price | Price effective from | Koha item type |
|---|---|---|---|---|---|---|---|---|---|---|---|---|---|---|---|---|---|---|
| Dewey Decimal Classification | MBA | St Aloysius Institute of Management & Information Technology | St Aloysius Institute of Management & Information Technology | 03/23/2022 | Biblios Book Point | 995.00 | Bill no:6628; Bill dt:2022-03-23 | 336.242 PULY | MBA14400 | 05/23/2026 | 796.00 | 04/06/2022 | Book | |||||
| Dewey Decimal Classification | MBA | St Aloysius Institute of Management & Information Technology | St Aloysius Institute of Management & Information Technology | 03/23/2022 | Biblios Book Point | 995.00 | Bill no:6628; Bill dt:2022-03-23 | 336.242 PULY | MBA14401 | 05/23/2026 | 796.00 | 04/06/2022 | Book | |||||
| Dewey Decimal Classification | MBA | St Aloysius Institute of Management & Information Technology | St Aloysius Institute of Management & Information Technology | 03/23/2022 | Biblios Book Point | 995.00 | Bill no:6628; Bill dt:2022-03-23 | 336.242 PULY | MBA14402 | 05/23/2026 | 796.00 | 04/06/2022 | Book | |||||
| Dewey Decimal Classification | MBA | St Aloysius Institute of Management & Information Technology | St Aloysius Institute of Management & Information Technology | 03/23/2022 | Biblios Book Point | 995.00 | Bill no:6628; Bill dt:2022-03-23 | 336.242 PULY | MBA14403 | 05/23/2026 | 796.00 | 04/06/2022 | Book | |||||
| Dewey Decimal Classification | Reference Book | MBA | St Aloysius Institute of Management & Information Technology | St Aloysius Institute of Management & Information Technology | 03/23/2022 | Biblios Book Point | 995.00 | Bill no:6628; Bill dt:2022-03-23 | 336.242 PULY | MBA14404 | 07/21/2025 | 796.00 | 04/06/2022 | Book |